00487 2200193 4500001002100000005001500021008004100036020002200077035001900099041000700118082001200125090001800137100001200155245002100167260003600188300003600224500001000260650002300270INLIS00000000000339020241224112720241224||||||||| | ||| |||| || |  a978-979-054-336-2 0010-1224003390 aid0 a911.598 a911.598 SOP n0 aSopandi00aNKRI Paling Top! aBogorbQuadra Inti Solusic2010 a25,5x18 cm, vi, 74 hlm.; ilus.: aCet.1 0aSEJARAH & BIOGRAFI